| 000 | 00358nam a2200145Ia 4500 | ||
|---|---|---|---|
| 008 | 230312s9999||||xx |||||||||||||| ||und|| | ||
| 020 | _a81-311-3108-1 | ||
| 082 |
_a616.4 _bMEL-W |
||
| 100 | _aMelmed;Shlomo | ||
| 245 | 0 | _aWilliams textbook of endocrinology | |
| 260 |
_bSpringer _ausa _c2015 |
||
| 300 | _a1896 | ||
| 650 |
_aMedical _vMedicine |
||
| 942 | _cBK | ||
| 999 |
_c12589 _d12589 |
||